ARRUPE JESUIT UNIVERSITY

CORONAVIRUS -STOP THE SPREAD - CLEAN,DISINFECT,COVER

Neo-colonialism. (Record no. 128322)

MARC details
000 -LEADER
fixed length control field 00778cam a22002531 4500
001 - CONTROL NUMBER
control field 8472607
003 - CONTROL NUMBER IDENTIFIER
control field ARRUPE
005 - DATE AND TIME OF LATEST TRANSACTION
control field 20181008113137.0
008 - FIXED-LENGTH DATA ELEMENTS--GENERAL INFORMATION
fixed length control field 791109s1964 enk 000 0 eng
010 ## - LIBRARY OF CONGRESS CONTROL NUMBER
LC control number 66046247
015 ## - NATIONAL BIBLIOGRAPHY NUMBER
National bibliography number GB64-11207
035 ## - SYSTEM CONTROL NUMBER
System control number (OCoLC)5667467
040 ## - CATALOGING SOURCE
Original cataloging agency DLC
Transcribing agency InU
Modifying agency Uk
-- DLC
050 00 - LIBRARY OF CONGRESS CALL NUMBER
Classification number D844
Item number .C72 1964
300 ## - PHYSICAL DESCRIPTION
Dimensions 19 cm.
100 1# - MAIN ENTRY--PERSONAL NAME
Personal name Crozier, Brian,
Dates associated with a name 1918-2012.
9 (RLIN) 42786
245 10 - TITLE STATEMENT
Title Neo-colonialism.
Remainder of title a background book
Statement of responsibility, etc Brian Crozier
260 ## - PUBLICATION, DISTRIBUTION, ETC. (IMPRINT)
Place of publication, distribution, etc London,
Name of publisher, distributor, etc The Bodley Head
Date of publication, distribution, etc 1964
300 ## - PHYSICAL DESCRIPTION
Extent 112 p.
490 0# - SERIES STATEMENT
Series statement A background book
500 ## - GENERAL NOTE
General note A companion vol. to the author's The rebels and The morning after.
650 #0 - SUBJECT ADDED ENTRY--TOPICAL TERM
Topical term or geographic name as entry element Nations, New
9 (RLIN) 42787
906 ## - LOCAL DATA ELEMENT F, LDF (RLIN)
a 7
b cbc
c oclcrpl
d u
e ncip
f 19
g y-gencatlg
942 ## - ADDED ENTRY ELEMENTS (KOHA)
Source of classification or shelving scheme Library of Congress Classification
Koha item type Monograph ( Printed materials)
Holdings
Withdrawn status Lost status Source of classification or shelving scheme Damaged status Not for loan Collection code Home library Current library Shelving location Date acquired Total Checkouts Full call number Barcode Date last seen Price effective from Koha item type
    Library of Congress Classification     Main Collection ARRUPE LIBRARY ARRUPE LIBRARY Main Collection 08/10/2018   D844 .C72 1964 46600002884 08/10/2018 08/10/2018 Monograph ( Printed materials)

 

Arrupe Library. PO Box MP320 Mt Pleasant, Harare, Zimbabwe
263 242 745411|librarian@aju.ac.zw